Statistics for Assassins Creed (HARD)

Click here to take the quiz!

General Stats

  • This quiz has been taken 427 times
  • The average score is 12 of 15

Answer Stats

HintAnswer% Correct
Assassins Creed 2Ezio Auditore
99%
Assassins Creed BrotherhoodEzio Auditore
99%
Assassins Creed RevelationsEzio Auditore
99%
Assassins Creed 1Altair
98%
Assassins Creed 3Connor Kenway
96%
Assassins Creed 4Edward Kenway
96%
Assassins Creed UnityArno Dorian
89%
Assassins Creed SyndicateJacob Frye
87%
Assassins Creed SyndicateEvie Frye
85%
Assassins Creed RogueShay Cormac
82%
Assassins Creed Freedom CryAdewale
71%
Assassins Creed LiberationAveline Grandpre
69%
Assassins Creed Chronicles ChinaShao Jun
45%
Assassins Creed Chronicles RussiaNikolai Orelov
38%
Assassins Creed Chronicles IndiaArbaaz Mir
23%

Score Distribution

Percentile by Number Answered

Percent of People with Each Score

Your Score History

You have not taken this quiz